| 000 | 00543nam a2200181 i 4500 | ||
|---|---|---|---|
| 001 | 114764 | ||
| 003 | ES-MaACL | ||
| 005 | 20251015063115.0 | ||
| 007 | t| | ||
| 008 | 070323s1925 sp ||||1| spa d | ||
| 100 | 1 |
_aPaul, Jean, _d1763-1825 _9149234 |
|
| 245 | 1 | 0 |
_aLevana o teoría de la educación / _cJuan Pablo F. Richter ; traducida... por J. Ontañon. |
| 260 |
_aMadrid : _bLa Lectura, _c[1925?] |
||
| 300 |
_a2 v. ; _c19 cm. |
||
| 700 | 1 |
_aOntañón, J. _987098 |
|
| 852 |
_aES-MaACL _jF-2325-26 |
||
| 999 |
_c114764 _d114764 |
||